| 000 | 00943nam a2200253 i 4500 | ||
|---|---|---|---|
| 001 | 38087 | ||
| 003 | ES-MaACL | ||
| 005 | 20240523063019.0 | ||
| 007 | t| | ||
| 008 | 030224s1975 sp |||| |dspa d | ||
| 020 | _a84-249-0607-1 | ||
| 100 | 0 |
_aCabrera, Vicente, _d1944- _933302 |
|
| 245 | 1 | 0 |
_aTres poetas a la luz de la metáfora _b: Salinas, Aleixandre y Guillén / _cVicente Cabrera. |
| 260 |
_aMadrid : _bGredos, _c[1975] |
||
| 300 |
_a228 p. ; _c20 cm. |
||
| 490 | 1 |
_aBiblioteca románica hispánica. II. Estudios y ensayos ; _v222 |
|
| 500 | _aÍndices. | ||
| 600 | 1 | 4 |
_aSalinas, Pedro, _d1891-1951 _9101942 |
| 600 | 1 | 4 |
_aAleixandre, Vicente, _d1898-1984- _xCrítica e interpretación _919690 |
| 600 | 1 | 4 |
_aGuillén, Jorge, _d1893-1984- _xCrítica e interpretación _960768 |
| 830 | 0 |
_aBiblioteca románica hispánica. II. Estudios y ensayos ; _v222 _9178108 |
|
| 852 |
_aES-MaACL _jL-10851 |
||
| 999 |
_c38087 _d38087 |
||